00266nam a2200109Ia 4500008004100000082001600041100001800057245002800075260003700103300000800140650000800148191201s2009 xx 000 0 und d a658.84bCHS aCHOPRA, Sunil 0aSupply Chain Management aN.DelhibPearson Educationc2009 a643 aMBA